Регионална библиотека "Любен Каравелов" - Русе

Логика (Запис номер 440981)

MARC детайли
000 -Лидер
Контролно поле с фиксирана дължина nam a22 a 4500
003 - Код на организацията, давaща контролен номер
Контролно поле BLK
005 - Дата и час на последна редакция
Контролно поле 20221208031147.0
008 - Елементи от данни с фиксирана дължина
fixed length control field 180409b bul|||||r ||||||| ||bul||
040 ## - Източник на каталожния запис
Идентификатор на билиотеката - собственик на записа BLK
041 ## - Код за език
Код за езика на текст/звукозапис или на отделно заглавие Български
Код за езика КДБФ Български
080 ## - УДК
Текстов определител УДК Логика. Теория на познанието. Логическа методология. Херменевтика(философ. аспекти)Епистемология. Вж и 801.73
УДК код - определител по УДК 16
УДК определител (075.3)
УДК - код + определител 16(075.3)
100 1# - Редна дума - Автор
Автор Бънков, Ангел Илиев
Авторска отговорност първи автор
R(LIN) 369320
139 ## - Редно поле
Редна дума Бънков, Ангел Илиев и др.
245 10 - Сведения за заглавието
Заглавие Логика
Подзаглавни данни Учебник за XI кл. на общообраз. трудово-политехн. у-ща
Редно поле (дума) Ангел Илиев Бънков, Йорданка Осиковска.
250 ## - Област на изданието
Сведения за изданието 5. изд.
257 ## - Страна на издаване
Страна на създаване/издаване България
260 ## - Област на издателските данни
Име на издателя, разпространителя и проч. Нар. просв.
Година на издаване 1961
9 (RLIN) 216179
Място на издаване, разпространение и проч. София
300 ## - Физическа характеристика
Страници 124 с.
Размери/Мащаб 23 см
380 ## - Жанр
Жанр Философия
500 ## - Общи забележки
Забележка 1. изд. 1957. - 19 063 тир.
650 #0 - Допълнително описание по предмет – тема
Основно описание – тема или топоним Логика - учебници за средни училища
9 (RLIN) 248583
653 #7 - Ключова дума – ненормативна
Ключова дума логика
9 (RLIN) 190062
653 #0 - Ключова дума – ненормативна
Ключова дума XI кл.
9 (RLIN) 449224
700 ## - Други автори (авторска отговорност)
Лично име Осиковска, Йорданка
Автороска отговорност (Описва отношението между автора и произведението) съавт.
9 (RLIN) 1445
852 ## - Местоположение
Форматна сигнатура Цб 19155
Фондова буква Хранилище
999 ## - СИСТЕМНИ КОНТРОЛНИ НОМЕРА
Koha biblionumber 440981
Koha biblioitemnumber 440981
942 ## - АРТИКУЛИ
Вид на библиотечния материал Книги
Скрит в OPAC Не
Периодичен библиозапис Да
944 ## - СЪЗДАВАНЕ И РЕДАКЦИЯ на ЗАПИСА
Създаване/Редакция Създаване
Дата на регистрацията/редакция 2021-12-21
Статус, дата на статуса 2021-12-21
Служител, извършил регистрацията/редакцията Ренета Константинова
Наличности
Код за отписване Код за изгубен артикул Източник на класификационната схема Код за повреда Коз за рестрикции Код за отдаване Артикулен № Име на библиотеката - собственик Име на библиотеката, в която се намира в момента Статус (Текущо местоположение) Дата на вписване в системата Местоположение - отдел Цена в лева Инвентарен номер Систематично азбучна сигнатура Баркод Цена в евро Служебен тип на артикула
  Не е изгубен Universal Decimal Classification Не е повреден само за читалня ползва се в читалня 866464 Регионална библиотека "Любен Каравелов" Русе Регионална библиотека "Любен Каравелов" Русе Хранилище 2021-12-23 Хранилище 0.31 7423/61 Цб 19155 900000086760 0.16 Книги
Vip Innovations Ltd, Rousse, Bulgaria 2025